Word Ladder: Kendrick Lamar Album Quiz Stats

 Plays Quiz Updated May 6, 2018

Challenge
Share
Tweet
Embed
Score 0/41 Timer 06:00
0 Plays Today
Clue 4-Letter Word % Correct
• 2015 album: To ___ a Butterfly •
or A prostitute's exploitative handler
•PIMP•
95.5%
• Hit single: '___ Kunta' •
or A monarchy's male ruler
•KING•
90.5%
Lightly wetDAMP
89.9%
Gas station nozzle for refueling a carPUMP
88.4%
An extremely rare item is one-of-a-___KIND
88.1%
Designated area for the collective dispersal of garbageDUMP
86.7%
• Song title: '___ Politics' •
or Car object lifted in order to examine the engine
•HOOD•
85.3%
To discover after searchingFIND
84.9%
• First interlude: 'For ___?' •
or Able to make decisions without official resistance
•FREE•
82.2%
A ringing sound, perhaps made by a bellDING
81.2%
A woman of class and high regardDAME
80.5%
EdiblesFOOD
79.7%
Compliment: 'You have a good ___ on your shoulders'HEAD
79.2%
General age between childhood and adulthoodTEEN
79%
'You should be ___, but not heard'SEEN
78.5%
A Texan might exclaim this after stubbing their toeDANG
78.5%
• Second interlude: 'For ___?' •
or A store's discount event
•SALE•
78.4%
Douglas fir, redwood, or birch, e.g.TREE
78%
Hamlet or Niels Bohr, e.g.DANE
77.5%
AffectionateFOND
77.3%
Asia lyric: 'It was the ___ of the moment'HEAT
77.3%
Clue 4-Letter Word % Correct
To mail a package elsewhere SEND
77%
Sunflower or poppy, e.g.SEED
77%
Sonnet 18: 'Shall I compare ___ to a summer's day?'THEE
76.4%
• Song title: 'You Ain't Gotta Lie (Momma ___)'
or Having vocalized words
•SAID•
76.3%
Coarse beach coveringSAND
75.5%
To travel around the globe via shipSAIL
75.2%
An unbelievable accomplishmentFEAT
74.2%
Of a well-composed mental stateSANE
73.9%
All-male college living quarters, for shortFRAT
73.3%
One of 24 on a guitarFRET
72.3%
1886 Tolstoy revolutionary book: 'What ___ Must We Do?'THEN
71.7%
Moved along a slick surfaceSLID
71%
To abide by or follow an orderHEED
70.2%
Dug up garden soil with a toolHOED
69.1%
Vehicle for use in the snowSLED
68.3%
Fourth, and current, president of Senegal MackySALL
65.2%
Flew by in a flashSPED
47.1%
Blueprint of an extensive upcoming project, for shortSPEC
41.9%
• Deceased West Coast rap legend who delivers a powerful monologue on the last track ••2PAC•
36.7%
Abbreviation for 'super' US political funding group S-PAC
34.4%

Today's Daily Dose

You're not logged in!

Compare scores with friends on all Sporcle quizzes.
Join for Free
OR
Log In

You Might Also Like...

Show Comments

Extras

Top Quizzes Today


Score Distribution

Your Account Isn't Verified!

In order to create a playlist on Sporcle, you need to verify the email address you used during registration. Go to your Sporcle Settings to finish the process.

Report this User

Report this user for behavior that violates our Community Guidelines.

Details: